Código Civil. y normas complementarias. Análisis doctrinario y jurisprudencial. / Tomo 1 A :
Guardado en:
| Otros Autores: | |
|---|---|
| Formato: | Libro |
| Idioma: | Spanish |
| Publicado: |
Buenos Aires :
Hammurabi,
2005
|
| Edición: | 1a. ed. ; 2a. reimp. |
| Materias: | |
| Etiquetas: |
Agregar Etiqueta
Sin Etiquetas, Sea el primero en etiquetar este registro!
|
| LEADER | 00673nam a22001815a 4500 | ||
|---|---|---|---|
| 001 | DER.der001400 | ||
| 008 | 180615s2005####|||||||||||||||||#||spa|| | ||
| 005 | 20251127172449.0 | ||
| 245 | 1 | 0 | |a Código Civil. |b y normas complementarias. Análisis doctrinario y jurisprudencial. / |n Tomo 1 A : |c dirigido por Alberto J. Bueres, y Elena I. Highton. |
| 250 | |a 1a. ed. ; 2a. reimp. | ||
| 260 | |a Buenos Aires : |b Hammurabi, |c 2005 | ||
| 300 | |a 957 p. | ||
| 500 | |a Artículos 1/158. Parte General /. | ||
| 020 | |a 9508910113 | ||
| 700 | 1 | |a Bueres, Alberto J., |e dir. | |
| 700 | 1 | |a Highton, Elena I., |e coord. | |
| 650 | 7 | |a DERECHO CIVIL | |
| 859 | |a DERECHO |b BIB. DERECHO |h 348.023 |i ARG |p 003475 |3 Tomo 1 A | ||
